Blossom : quando sbocciano i fiori /

Saved in:
Bibliographic Details
Main Author: D.S. (fumettista) (Author)
Format: Book
Language:Italian
Published: Milano : Toshokan, 2023
Tags: Add Tag
No Tags, Be the first to tag this record!

MARC

LEADER 00000nam a22000007i 4500
001 IT\ICCU\BAS\0291705
003 ItRI
005 20240625104213.0
008 240112s2023 it ||||||6 ||||| |||||c
020 |a 9788852401138 
040 |b ita  |c C 
041 7 |a ita  |2 ISO-639-2 
100 0 |a D.S.  |c  (fumettista)  |0 IT\ICCU\UFEV\427133  |4 aut 
240 1 0 |a Baihua Baise. ((Titolo traslitterato 
245 1 0 |a Blossom :  |b quando sbocciano i fiori /  |c D.S. 
260 |a Milano :  |b Toshokan,  |c 2023 
300 |a 1 volume (senza paginazione) :  |b fumetti ;  |c 18 cm +  |e 1 cartolina (Arcigay) 
942 |2 ddc  |c BK 
952 |0 0  |1 0  |2 ddc  |4 0  |6 741_500000000000000_DS_BLO  |7 1  |9 736  |a GE  |b GE  |d 2024-02-27  |l 0  |o 741.5 DS BLO  |p 4921  |r 2024-02-27 12:36:04  |w 2024-02-27  |y BK 
981 1 |6 z01  |a i   |b xxxe  
982 1 |6 z01  |a n 
999 |c 693  |d 693